000 00414nam a22001697a 4500
003 SGT
020 _a9780323812054
082 _a610.73
_bF23C
100 _aCOOPER, KIM
245 _aFOUNDATIONS AND ADULT HEALTH NURSING
250 _a9TH
260 _aMISSOURI
_bELSEVIER PUB
_c2023
300 _a2206
650 _aNURSING FOUNDATION
653 _aFOUNDATIONS AND ADULT HEALTH NURSING
942 _2ddc
_cBK
999 _c24954
_d24954